000
00218 a2200097 4500
001
11398
100
_a
Soloveytchik, G.
245
_a
Switzrland on Perspective
260
_a
_b
Oxford University
_c
090
_c
8945
_d
8945
942
_a
NUST-CAE
_c
_c
35761
999
_c
246471
_d
246471